Trendy vo vývoji kúpeľníctva

Systematizácia poznatkov o nových trendoch v kúpeľníctve v spojitosti s pojmami wellness, rekreácia, kúpeľný wellness, ako i vytvorenie prehľadu podnikateľských subjektov využívajúcich jednotlivé wellness programy a ich charakteristika (s dôrazom na ich význam v rekreačnom cestovnom ruchu).

Uložené v:
Podrobná bibliografia
Hlavný autor: Mrkvová, Katarína
Médium: Kapitola
Jazyk:Slovak
Predmet:
Tagy: Pridať tag
Žiadne tagy, Buďte prvý, kto otaguje tento záznam!

MARC

LEADER 00000nla a2200000 4500
001 0175321
005 20240502073005.7
041 0 |a slo 
044 |a SK 
245 1 0 |a Trendy vo vývoji kúpeľníctva  |c Katarína Mrkvová 
520 |a Systematizácia poznatkov o nových trendoch v kúpeľníctve v spojitosti s pojmami wellness, rekreácia, kúpeľný wellness, ako i vytvorenie prehľadu podnikateľských subjektov využívajúcich jednotlivé wellness programy a ich charakteristika (s dôrazom na ich význam v rekreačnom cestovnom ruchu). 
610 2 0 |a kúpeľníctvo 
610 2 0 |a rekreácia 
610 2 0 |a Slovensko 
100 1 |a Mrkvová, Katarína